| 000 | 00704nam a2200193 a 4500 | ||
|---|---|---|---|
| 005 | 2012010506366.0 | ||
| 020 |
_a9781406302165 _c199.00 |
||
| 037 | _bPUB | ||
| 100 |
_aMcDonald, Megan _938368 |
||
| 245 |
_aDoctor Judy Moody / _cby Megan McDonald; illustrated Peter H. Reynolds |
||
| 260 |
_aLondon _bWalker Books _c2006 |
||
| 270 |
_a7/16, Ansari Road, Daryaganj _bNew Delhi _e110002 |
||
| 300 |
_a159p. _c21cm(pbk) _bill. |
||
| 490 |
_aJudy Moody-5 _938369 |
||
| 700 |
_aReynolds, Peter H. _938302 |
||
| 856 |
_3Table of contents _uhttp://www.loc.gov/catdir/toc/ecip0516/2005020735.html |
||
| 942 |
_2ddc _cCH _mMCD |
||
| 999 |
_c60374 _d60374 |
||